What Goes Around... Comes Around - Justin Timberlake - All Lyrics - Statistics

General Stats
  • This quiz has been taken 159 times
  • The average score is 705 of 814
Answer Stats
Answer % Correct
(Oh)
100%
a
99%
come
97%
Hey,
97%
(Hey)
97%
hey
97%
uh
97%
(Uh)
97%
What
97%
what
97%
(What
97%
(Yeah)
97%
Yeah
97%
yeah
97%
Yep,
97%
yep,
97%
yep
97%
around
96%
around,
96%
around)
96%
goes
96%
goes?
96%
I
96%
the
96%
The
96%
ya
96%
ya,
96%
you
96%
You
96%
you,
96%
and
94%
And
94%
Comes
94%
comes
94%
(Hmm)
94%
when
94%
When
94%
back
93%
do
93%
he
93%
it
93%
me
93%
Me
93%
me,
93%
your
93%
girl,
91%
girl
91%
in
91%
is
91%
Is
91%
know
91%
to
91%
To
91%
want
91%
about
90%
baby
90%
baby,
90%
but
90%
But
90%
Don't
90%
every
90%
it's
90%
It’s
90%
just
90%
Just
90%
That
90%
that
90%
this
90%
wanna
90%
was
90%
way
90%
we
90%
Can
88%
(No)
88%
say
88%
So
88%
so
88%
think
88%
can't
87%
Can’t
87%
everything
87%
I'm
87%
my
87%
of
87%
should
87%
wrong,
87%
all
85%
gave
85%
Now,
85%
now
85%
now)
85%
(Now
85%
talk
85%
Thought
85%
thought
85%
wanted
85%
world
85%
how
84%
man?
84%
end,
82%
were
82%
believe
81%
goin'
81%
goodbye?
81%
guess
81%
hand
81%
on
81%
(On
81%
see,
81%
see
81%
you're
81%
had
79%
heart
79%
heart)
79%
make
79%
shame
79%
Tell
79%
tell
79%
time,
79%
time
79%
understand
79%
will
79%
down?
78%
give
78%
love
78%
palm
78%
did
76%
Should’ve
76%
Should've
76%
thing
76%
why
76%
away
75%
find
75%
name
75%
until
75%
With
75%
came
73%
'Cause
73%
'cause
73%
‘Cause
73%
cry
73%
gonna
73%
lie
73%
sick
73%
that's
73%
That’s
73%
better
72%
known
72%
livin'
72%
said
72%
same
72%
same)
72%
seem
72%
without
72%
breakin'
70%
confused
70%
got
70%
ready
70%
really
70%
endin'
69%
out
69%
watch
69%
okay,
67%
told
67%
funny
66%
maybe
66%
(Maybe
66%
could
64%
movin'
64%
never
64%
nights
64%
fair?
63%
he's
63%
him,
61%
went
61%
Feelin'
60%
feelin'
60%
right
60%
ain't
58%
as
58%
cheated,
58%
doin'
58%
found
57%
run
55%
sayin'
55%
spend
55%
heard
54%
home
54%
remember
54%
call
52%
get's
52%
somebody
52%
alone
51%
lonely
51%
busy
49%
deserved
49%
bleeded,
48%
scenario
48%
tone
45%
claimed
43%
classic
40%
case,
39%
hurt
39%
wish
39%
You'll
39%
blues
37%
old
37%
sympathy
37%
Tale
36%
left
27%
lot
25%
cure
24%
No matching quizzes found
Score Distribution
Percent of People with Each Score
Percentile by Number Answered
Your Score History
You have not taken this quiz